00262nam a2200085Ia 4500008004100000082002000041100002100061245007200082300002200154230907s9999||||xx |||||||||||||| ||und|| a621.381548bMOR aMoreira, José, 3aAn engineer's guide to automated testing of high-speed interfaces / axxiv, 677 pages :